Normal view
MARC view
- Virtual computer systems
Entry Topical Term
001 - CONTROL NUMBER
- control field: 25178
003 - CONTROL NUMBER IDENTIFIER
- control field: IN-BhIIT
005 - DATE AND TIME OF LATEST TRANSACTION
- control field: 20250117112126.0
008 - FIXED-LENGTH DATA ELEMENTS
- fixed length control field: 250117|| aca||aabn | a|a d
040 ## - CATALOGING SOURCE
- Original cataloging agency: IN-BhIIT
- Transcribing agency: IN-BhIIT
150 ## - HEADING--TOPICAL TERM
- Topical term or geographic name entry element: Virtual computer systems
670 ## - SOURCE DATA FOUND
- Source citation: Work cat.: (IN-BhIIT)14603: Smith, James E. Author 25177, Virtual machines :, 2005.